00400nam a2200169Ia 4500008004100000082001200041082001400053100001700067245002000084260003700104260000700141300000800148600001700156630002000173700001700193730002000210151121s9999||||xx |||||||||||||| ||und|| a823/ADA bHNW-64997 aAdams Bronte aBrought to Book b"Virago Press Ltd।, London।" c-- a231 aAdams Bronte aBrought to Book aAdams Bronte aBrought to Book